00414pam a2200145a 44500008003700000082001000037100002000047245010600067260000900173502000900182700002500191700002200216906001100238999001900249230405s xxu||||| |||| 00| 0 eng d abTAW aTawade,Prajakta aStudy to assess Emotional Intelligence of Students Pursuing Nursing in Selected College of Pune City. abc atext aYelmar,Chhaya & Etc. aWaghchoure,Preeti a004526 c252538d252538